000
00278nam a22001217a 4500
008
230626b xxu||||| |||| 00| 0 eng d
082
_a
331.8
_b
ALU
100
_c
ALU
245
_a
National Development Plan 1997-2001
260
_a
Kenya
_c
2001
300
_a
254p
942
_2
ddc
_c
BK
999
_c
2678
_d
2678